00610 2200205 4500001002100000005001700021008004100038020001800079035002500097082001000122090002100132100002300153245007200176260002700248300003200275500003100307650003300338850001200371990002100383YOGYA-0209000005491820150527154142.0 ind  a979-533-937-0 a0010-020900000054918 a004.7 aDEP 004.7bPri R aPRIBADI, Hariyanto aRouter Linux menggunakan Fressco dan Floppy FWc/ Hariyanto Pribadi aYogyakartabAndic2003 a130 hlm. :bilus. ;c19 cm. aBibliografi : hlm. 129-130 aRouter Linux (Alat Komputer) aYOPDYOG aCB-D.11-2003-148